Résumé of the agricultural research work done under the Pakistan Central Cotton Committee during the course of 17 years, 1949-50 to 1965-66, (Record no. 85224)

MARC details
000 -LEADER
fixed length control field 00798cam a22002291 4500
001 - CONTROL NUMBER
control field sa 68013630
003 - CONTROL NUMBER IDENTIFIER
control field DLC
005 - DATE AND TIME OF LATEST TRANSACTION
control field 20260227112623.0
008 - FIXED-LENGTH DATA ELEMENTS--GENERAL INFORMATION
fixed length control field 820525s1966 pk b 00010 eng
010 ## - LIBRARY OF CONGRESS CONTROL NUMBER
LC control number sa 68013630 //r83
025 ## - OVERSEAS ACQUISITION NUMBER
Overseas acquisition number PL480:P-E-1141
043 ## - GEOGRAPHIC AREA CODE
Geographic area code a-pk---
050 0# - LIBRARY OF CONGRESS CALL NUMBER
Classification number SB251.P25
Item number A8
100 10 - MAIN ENTRY--PERSONAL NAME
Personal name Ansari, M. A. A.
Fuller form of name (Mohammad Anwar Ahmad),
Dates associated with a name 1908-
245 10 - TITLE STATEMENT
Title Résumé of the agricultural research work done under the Pakistan Central Cotton Committee during the course of 17 years, 1949-50 to 1965-66,
Statement of responsibility, etc. by M.A.A. Ansari.
260 0# - PUBLICATION, DISTRIBUTION, ETC.
Place of publication, distribution, etc. Karachi,
Name of publisher, distributor, etc. Pakistan Central Cotton Committee,
Date of publication, distribution, etc. 1966.
300 ## - PHYSICAL DESCRIPTION
Extent 24 p.
Other physical details fold. map.
Dimensions 25 cm.
350 ## - PRICE (NR) (BK AM CF MU VM SE) [OBSOLETE]
Price Rs.2.00
500 ## - GENERAL NOTE
General note Cover title.
650 #0 - SUBJECT ADDED ENTRY--TOPICAL TERM
Topical term or geographic name entry element Cotton
General subdivision Research
Geographic subdivision Pakistan.
710 20 - ADDED ENTRY--CORPORATE NAME
Corporate name or jurisdiction name as entry element Pakistan Central Cotton Committee.

No items available.

Powered by Koha